000 00768nam a2200253 i 4500
001 bg
100 1 _aMANEK, Anna Maria
245 1 0 _aĆwiczenia z psychologii i socjologii pracy /
_cAnna Maria Manek ; Politechnika Lubelska.
260 _aLublin :
_bWydawnictwa Uczelniane PL,
_c1994.
300 _a77 s. :
_brys., wykr. ;
_c24 cm.
500 _aU góry okł. nazwa przedmiotu : Mechanika.
504 _aBibliogr. s. 74-75.
650 9 _aMotywacja pracy
650 9 _aPraca
_xpsychologia
650 9 _aPraca
_xsocjologia
655 _aPodręczniki akademickie
020 _a8386333405
040 _cBPK
041 0 _apl
080 _a331.101:159.9:316.334.2](075.8)
920 _a83-86333-40-5
942 _cKS
008 s pl f |000 0 pol
999 _c6883
_d6883
856 _uhttp://koha.tu.koszalin.pl/cgi-bin/koha/opac-detail.pl?biblionumber=6883
_yKatalog online BPK